01163 2200349 4500001002100000005001500021035002000036007000300056008004100059020002200100082001500122084001700137100002100154245017900175250003200354300003100386650002100417700003300438700003200471700002600503700004200529504003400571264003400605336002100639337003000660338002300690040002200713090002200735850001200757999002200769990002200791INLIS00000000087780820230405115605 a0010-0423000108ta230405s2023 yoi g ind d a978-623-8085-05-704223a344.03 a344.03 MIN p0 aMinanePengarang10aPerlindungan hukum anak yang dilahirkan dari perkawinan yang tidak dicatatkan /cMinan, Teguh Endi Widodo, Tutik Asmorowati, Mokh Thoif; penyunting, Leona Putri Pamungkassari aCetakan Pertama, Maret 2023 aviii, 152 halaman ;c23 cm 4aAnak dalam hukum0 aTeguh Endi WidodoePengarang0 aTutik AsmorowatiePengarang0 aMokh ThoifePengarang0 aLeona Putri PamungkassariePenyunting aBibliografi : halaman 149-15231aBantul :bGlobal Press,c2023 2rdacontentateks 2rdamediaatanpa perantara 2rdacarrieravolume aYOPDYOGbinderda aCB-D.11 2023-0206 aYOPDYOG aCB-D.11/2023-0206 aCB-D.11/2023-0206